<The> Science, technology and innovation policy review Colombia

Salvato in:
Dettagli Bibliografici
Natura: Libro
Lingua:inglese
Pubblicazione: New York United Nations/United Nations Conference on Trade and Development 1999
Soggetti:
Tags: Aggiungi Tag
Nessun Tag, puoi essere il primo ad aggiungerne!!

MARC

LEADER 00000nam a2200000 4500
001 c124702
005 20221221083544.7
020 |a 92-1-112452-2 
041 0 |a eng 
044 |a US 
245 1 0 |a <The> Science, technology and innovation policy review  |b Colombia 
264 1 |a New York  |b United Nations/United Nations Conference on Trade and Development  |c 1999 
300 |a 161 s. 
610 2 0 |a veda 
610 2 0 |a technológia 
610 2 0 |a inovácia 
610 2 0 |a politika 
610 2 0 |a politika hospodárska 
610 2 0 |a štruktúra ekonomická 
610 2 0 |a výroba 
610 2 0 |a poľnohospodárstvo 
610 2 0 |a energia 
610 2 0 |a služby 
610 2 0 |a produktivita 
610 2 0 |a konkurencia 
610 2 0 |a prognózy 
610 2 0 |a decentralizácia 
610 2 0 |a centralizácia 
610 2 0 |a politika fiškálna 
610 2 0 |a priemysel 
610 2 0 |a financie 
610 2 0 |a Kolumbia 
610 2 0 |a OSN